Deploying Foresight for Policy and Strategy Makers Creating Opportunities Through Public Policies and Corporate Strategies in Science, Technology and Innovation /

This book develops foresight techniques to turn future societal challenges into opportunities. The authors present foresight approaches for innovation policy and management. Future developments in fields such as education, energy, new materials, nanotechnologies are highlighted for different countri...

Πλήρης περιγραφή

Λεπτομέρειες βιβλιογραφικής εγγραφής
Συγγραφή απο Οργανισμό/Αρχή: SpringerLink (Online service)
Άλλοι συγγραφείς: Gokhberg, Leonid (Επιμελητής έκδοσης), Meissner, Dirk (Επιμελητής έκδοσης), Sokolov, Alexander (Επιμελητής έκδοσης)
Μορφή: Ηλεκτρονική πηγή Ηλ. βιβλίο
Γλώσσα:English
Έκδοση: Cham : Springer International Publishing : Imprint: Springer, 2016.
Σειρά:Science, Technology and Innovation Studies
Θέματα:
Διαθέσιμο Online:Full Text via HEAL-Link
LEADER 02751nam a22005055i 4500
001 978-3-319-25628-3
003 DE-He213
005 20160428143607.0
007 cr nn 008mamaa
008 160423s2016 gw | s |||| 0|eng d
020 |a 9783319256283  |9 978-3-319-25628-3 
024 7 |a 10.1007/978-3-319-25628-3  |2 doi 
040 |d GrThAP 
050 4 |a JF20-2112 
072 7 |a KJMV6  |2 bicssc 
072 7 |a SCI000000  |2 bisacsh 
072 7 |a BUS092000  |2 bisacsh 
082 0 4 |a 338.926  |2 23 
245 1 0 |a Deploying Foresight for Policy and Strategy Makers  |h [electronic resource] :  |b Creating Opportunities Through Public Policies and Corporate Strategies in Science, Technology and Innovation /  |c edited by Leonid Gokhberg, Dirk Meissner, Alexander Sokolov. 
264 1 |a Cham :  |b Springer International Publishing :  |b Imprint: Springer,  |c 2016. 
300 |a XX, 273 p. 59 illus., 55 illus. in color.  |b online resource. 
336 |a text  |b txt  |2 rdacontent 
337 |a computer  |b c  |2 rdamedia 
338 |a online resource  |b cr  |2 rdacarrier 
347 |a text file  |b PDF  |2 rda 
490 1 |a Science, Technology and Innovation Studies 
505 0 |a Introduction -- Part I: Foresight for Anticipatory STI Strategies -- Part II: Foresight for STI Policy: Country Cases.-Part III: Future Oriented STI Policy Context -- Part IV: Conclusions. 
520 |a This book develops foresight techniques to turn future societal challenges into opportunities. The authors present foresight approaches for innovation policy and management. Future developments in fields such as education, energy, new materials, nanotechnologies are highlighted for different countries. Readers will discover tools and instruments to capture the potentials of the grand societal challenges as defined by the United Nations. This book is a valuable resource for researchers and scholars with an interest in foresight methods and gives practical hints for policy makers and managers to take account of the grand opportunities in their business and policy strategies. 
650 0 |a Management. 
650 0 |a Industrial management. 
650 0 |a Economic policy. 
650 1 4 |a Economics. 
650 2 4 |a R & D/Technology Policy. 
650 2 4 |a Innovation/Technology Management. 
650 2 4 |a Economic Policy. 
700 1 |a Gokhberg, Leonid.  |e editor. 
700 1 |a Meissner, Dirk.  |e editor. 
700 1 |a Sokolov, Alexander.  |e editor. 
710 2 |a SpringerLink (Online service) 
773 0 |t Springer eBooks 
776 0 8 |i Printed edition:  |z 9783319256269 
830 0 |a Science, Technology and Innovation Studies 
856 4 0 |u http://dx.doi.org/10.1007/978-3-319-25628-3  |z Full Text via HEAL-Link 
912 |a ZDB-2-ECF 
950 |a Economics and Finance (Springer-41170)